|
|
|
|
| LEADER |
00000nab a2200000 a 4500 |
| 001 |
vtls009294380 |
| 003 |
SK-MaSNL |
| 005 |
20260303052815.0 |
| 008 |
080515c20080424xo dr| 0 0slo |
| 038 |
|
|
|a RVGKPD
|
| 040 |
|
|
|a RVGKPD
|b slo
|c RVGKPD
|e AACR2
|
| 041 |
|
|
|a slo
|
| 044 |
|
|
|a xo
|c SK
|
| 080 |
|
|
|a 625.734.2
|2 1997
|
| 100 |
1 |
|
|a Krausová, Stela
|4 aut
|9 268152
|
| 245 |
1 |
0 |
|a Mesto Rožňava ide opravovať chodníky
|b komisia určila poradie dôležitosti
|c Stela Krausová
|
| 300 |
|
|
|b Fotogr.
|
| 650 |
0 |
7 |
|a chodníky pre chodcov
|2 rvgkpd
|9 51015
|
| 650 |
0 |
7 |
|a rekonštrukcie
|2 rvgkpd
|9 24616
|
| 651 |
|
7 |
|a Rožňava (Slovensko)
|2 rvgkpd
|9 17394
|
| 773 |
0 |
|
|t Gemerský korzár
|g Roč. X, č. 96 (24.4.2008), s. 1, 2
|x 1335-7581
|
| 852 |
|
|
|a RVGKPD
|b KIS3G
|
| 992 |
|
|
|a RBX
|
| 999 |
|
|
|c 1716698
|d 1718628
|